Guía para la constitución de los consejos asesores y la realización de los procesos consultivos /

Guardado en:
Bibliografiske detaljer
Autores Corporativos: Universidad para la Paz, Programa Cultura y Paz y Democracia en América Latina NU. Asamblea General
Format: Texto
Udgivet: San José: UP
Tags: Tilføj Tag
Ingen Tags, Vær først til at tagge denne postø!

MARC

LEADER 00000 a a2200000 04500
001 22820
003
040
090 |a 157100  
110 |a Universidad para la Paz  
245 |a Guía para la constitución de los consejos asesores y la realización de los procesos consultivos /  |c Universidad para la Paz  
260 |a San José:   |b UP  
300 |a 58 p  
710 |a Programa Cultura y Paz y Democracia en América Latina   |a NU. Asamblea General  
999 |c 10451  |d 10451